000 00728pam a2200253 a 4500
999 _c7598
_d7598
001 12451350
003 OSt
005 20190213174529.0
008 850617s1985 enkb b 000 0 eng d
010 _agb 84034416
020 _a0950839671 (pbk) :
020 _a095029683X (Evangelical Missionary Allience) :
035 _a.b10550884
040 _aUKM
_cUKM
_dm/c
_dMZN
_dOCoLC
050 _aBV2061
_b.T35
082 _a266
_bG855T
245 0 0 _aTen sending churches /
_cedited by Michael Griffiths
260 _aLondon :
_bMARC Europe,
_cc1985
_g(1986 printing)
300 _a183 [4] p. :
_bmap ;
_c18 cm
504 _aBibliography: p. [187]
650 0 _aMissions
700 1 _aGriffiths, Michael,
_d1928-
942 _2ddc
_cBK